00961nam a2200277 a 450000100060000000300080000600500170001400800410003102000150007202000220008703500190010904000230012804100080015108200210015910000330018024500800021326000530029330000250034650000230037150400540039465000400044865000450048894200120053399900170054595201210056260723BD-RjUL20211209080857.0170102s1982 nju b 001 0 eng d a0133561216 a0133561135 (pbk.) a(BD-RjUL)60847 aDLCcDLCdDLCbeng aeng00a371.95bEHG 19821 aEhrlich, Virginia Z.918092110aGifted children :ba guide for parents and teachers /cVirginia Z. Ehrlich. aEnglewood Cliffs, N.J. :bPrentice-Hall,cc1982. avi, 201 p. ;c23 cm. a"A Spectrum book." aIncludes Bibliography: p. [191]-196. and indexes. 0aGifted childrenxEducation.9180922 0aGifted childrenxIdentification.9180923 2ddccBK c60723d60723 00102ddc40718NFICaRUCLbRUCLcReadingd1985-10-17l0o371.95 EHG 1982r2017-01-02 00:00:00tC-1w2017-01-02yBK